LEADER 01136nam0 22003011i 450 001 SUN0020202 005 20050301120000.0 010 $a88-430-0943-5 100 $a20040716d1998 |0itac50 ba 101 $aita 102 $aIT 105 $a|||| ||||| 200 1 $aIntroduzione alla psicodiagnostica$fCarlo Saraceni, Gianni Montesarchio 210 $aRoma$cCarocci$d1998 215 $a142 p.$d22 cm. 606 $aTest psicologici$2FI$3SUNC008082 606 $aDiagnostica psichiatrica$2FI$3SUNC009994 620 $dRoma$3SUNL000360 676 $a616.89075$v21 700 1$aSaraceni$b, Carlo$3SUNV016446$0403182 701 1$aMontesarchio$b, Gianni$3SUNV016447$0222970 712 $aCarocci$3SUNV000046$4650 801 $aIT$bSOL$c20181109$gRICA 912 $aSUN0020202 950 $aUFFICIO DI BIBLIOTECA DEL DIPARTIMENTO DI PSICOLOGIA$d16 CONS 2401 $e16 LET6861 995 $aUFFICIO DI BIBLIOTECA DEL DIPARTIMENTO DI PSICOLOGIA$bIT-CE0119$gLET$h6861$kCONS 2401$op$qa 996 $aIntroduzione alla psicodiagnostica$9564250 997 $aUNICAMPANIA LEADER 01148nam2 22003133i 450 001 UFI0484005 005 20251003044429.0 010 $a0080447198$bpbk 100 $a20070523d2005 ||||0itac50 ba 101 | $aeng 102 $anl 181 1$6z01$ai $bxxxe 182 1$6z01$an 200 1 $aˆ5: ‰Surface and ground water, weathering, and soils$fedited by J. I. Drever 210 $aAmsterdam [etc.]$cElsevier$d2005 215 $aXVII, 626 p.$cill.$d28 cm. 461 1$1001RMS1023710$12001 $aTreatise on geochemistry$fedited by H.D. Holland and K.K. Turekian$v5 606 $aGeochimica$2FIR$3CFIC049408$9E 676 $a551.9$9$v14 696 $aGeologia chimica 699 $aGeochimica$yGeologia chimica 702 1$aDrever$b, James I.$3RMSV016284 801 3$aIT$bIT-000000$c20070523 850 $aIT-BN0095 912 $aUFI0484005 950 2$aBiblioteca Centralizzata di Ateneo$cv. 1-9$d 01SALA 551.9 TRE$e 0104 0000002855 VMA (5 v. 5$fA $h20070523$i20070523 977 $a 01 996 $aSurface and ground water, weathering, and soils$9108843 997 $aUNISANNIO